2024 Motocross/Supercross Teams & Riders - Statistics

General Stats
  • This quiz has been taken 354 times
  • The average score is 22 of 72
Answer Stats
Hint Answer % Correct
Monster Energy Star Racing Yamaha Eli Tomac
85%
Monster Energy Star Racing Yamaha Haiden Deegan
85%
Honda HRC Jett Lawrence
81%
Red Bull KTM Factory Racing Chase Sexton
79%
Honda HRC Hunter Lawrence
79%
Progressive Ecstar HEP Suzuki Ken Roczen
76%
Monster Energy Star Racing Yamaha Cooper Webb
71%
Red Bull KTM Factory Racing Aaron Plessinger
66%
Red Bull GasGas Factory Racing Justin Barcia
66%
Monster Energy Kawasaki Factory Racing Jason Anderson
65%
Honda HRC Jo Shimoda
63%
Rockstar Energy Husqvarna Factory Racing Malcolm Stewart
63%
Red Bull KTM Factory Racing Tom Vialle
62%
Monster Energy Pro Circuit Kawasaki Levi Kitchen
59%
Monster Energy Star Racing Yamaha Justin Cooper
54%
Monster Energy Pro Circuit Kawasaki Austin Forkner
48%
Rockstar Energy Husqvarna Factory Racing RJ Hampshire
48%
Monster Energy Pro Circuit Kawasaki Cameron Mcadoo
47%
Red Bull KTM Factory Racing Julien Beaumer
42%
Honda HRC Chance Hymas
41%
Monster Energy Star Racing Yamaha Jordon Smith
40%
Rockstar Energy Husqvarna Factory Racing Christian Craig
38%
Triumph Factory Racing Jalek Swoll
34%
FirePower Honda Max Anstie
34%
Monster Energy Pro Circuit Kawasaki Seth Hammaker
34%
MucOff FXR ClubMX Yamaha Garett Marchbanks
33%
Monster Energy Kawasaki Factory Racing Adam Cianciarulo
31%
Factory Connection Phoenix Honda Dylan Ferrandis
31%
Monster Energy Star Racing Yamaha Nate Thrasher
31%
Red Bull GasGas Factory Racing Pierce Brown
31%
Monster Energy Star Racing Yamaha Daxton Bennick
28%
FirePower Honda Dean Wilson
28%
Red Bull GasGas Factory Racing Ryder DiFrancesco
28%
Liqui Moly Beta Factory Racing Colt Nichols
27%
Liqui Moly Beta Factory Racing Benny Bloss
24%
Monster Energy Pro Circuit Kawasaki Maximus Vohland
24%
HBI Racing Ty Masterpool
23%
Monster Energy Star Racing Yamaha Nick Romano
21%
HEP Twisted Tea Suzuki Shane McElrath
21%
Triumph Factory Racing Evan Ferry
20%
HEP Twisted Tea Suzuki Kyle Chisolm
20%
MucOff FXR ClubMX Yamaha Phil Nicoletti
19%
Team Tedder Josh Hill
18%
Team Tedder Justin Hill
18%
SmartTop MotoConcepts Honda Vince Friese
18%
Monster Energy Star Racing Yamaha Enzo Lopes
17%
MucOff FXR ClubMX Yamaha Jeremy Martin
17%
MucOff FXR ClubMX Yamaha Coty Schock
14%
SmartTop MotoConcepts Honda Mitchell Oldenburg
14%
Monster Energy Star Racing Yamaha Stilez Robertson
13%
Rockstar Energy Husqvarna Factory Racing Guillem Farres
11%
MucOff FXR ClubMX Yamaha Jett Reynolds
11%
PartZilla PRMX Kawasaki Cade Clason
10%
BarX Toyota of Redlands Suzuki Derek Drake
10%
Madd Parts Kawasaki Freddie Noren
10%
Rock River Gizmo Mods Yamaha Grant Harlan
9%
SmartTop MotoConcepts Honda Carson Mumford
8%
Phoenix Honda Cullin Park
8%
AEO Powersports KTM Derek Kelley
7%
AEO Powersports KTM Talon Hawkins
7%
HeartBeat Hot Sauce Solitaire Yamaha Cole Thompson
6%
HBI Racing Hardy Munoz
5%
BarX Toyota of Redlands Suzuki Preston Boespflug
5%
PartZilla PRMX Kawasaki Aaron Tanti
4%
TiLube Honda Henry Miller
4%
PartZilla PRMX Kawasaki Hunter Yoder
4%
HeartBeat Hot Sauce Solitaire Yamaha Robbie Wageman
4%
Madd Parts Kawasaki Bubba Pauli
3%
Rock River Gizmo Mods Yamaha Marshal Weltin
3%
PartZilla PRMX Kawasaki Mitchell Harrison
3%
HBI Racing Ayden Shive
2%
HBI Racing Cole Bradford
1%
No matching quizzes found
Score Distribution
Percent of People with Each Score
Percentile by Number Answered
Your Score History
You have not taken this quiz